[Event "1. OEsterreichische Internet Schach Meisterschaft - Vorrunde 2"]
[Site "Online - Playchess.com"]
[Date ""]
[Round "7"]
[Board "59"]
[White "Erlacher, Herbert"]
[Black "Buchegger, Fridolin"]
[Result "0-1"]
[WhiteElo "1842"]
[BlackElo "1827"]
[PlyCount "156"]
[EventDate "2020.04.13"]
[EventRounds "9"]
[EventCountry "AUT"]

1. Nf3 Nf6 2. c4 g6 3. g3 Bg7 4. Bg2 O-O 5. O-O d5 6. d3 b6 7. Nbd2 Bb7 8. a3 c5
9. Rb1 Nc6 10. b4 cxb4 11. axb4 dxc4 12. Nxc4 Nd4 13. Nxd4 Bxg2 14. Kxg2 Qxd4 15.
Bb2 Qd5+ 16. Kg1 Rfd8 17. Ne3 Qd6 18. Ba3 a5 19. Nc4 Qc7 20. Rc1 axb4 21. Bxb4 Rdc8
22. Bd2 Qb7 23. Rb1 b5 24. Qb3 Rab8 25. Na5 Qd7 26. Rfc1 Rxc1+ 27. Rxc1 Ne8 28. Bb4
Nc7 29. Nc6 Re8 30. Qa3 Bf8 31. Qb3 e6 32. Bxf8 Rxf8 33. Qc3 Nd5 34. Qc5 Rc8 35.
Qxb5 Nb4 36. Ne7+ Qxe7 37. Rxc8+ Kg7 38. Qe8 Qxe8 39. Rxe8 Nd5 40. Rd8 Nf6 41. f3
h5 42. e4 Ng8 43. d4 Ne7 44. d5 exd5 45. exd5 Kf6 46. d6 Nc6 47. Rc8 Ne5 48. Rc7
Ke6 49. f4 Nd7 50. Rc6 Kd5 51. Ra6 Ke6 52. Kf2 Nc5 53. Rc6 Ne4+ 54. Kf3 Nxd6 55.
g4 Kd7 56. gxh5 Kxc6 57. h6 f5 58. h7 Nf7 59. h8=Q Nxh8 60. Kg3 Kd6 61. Kh4 Ke6 62.
Kg5 Kf7 63. h4 Kg7 64. h5 Nf7+ 65. Kh4 gxh5 66. Kxh5 Kf6 67. Kh4 Nd8 68. Kh5 Ne6
69. Kh4 Nxf4 70. Kg3 Ke5 71. Kf3 Ne6 72. Ke3 f4+ 73. Kf3 Nd4+ 74. Kf2 Ke4 75. Kg2
Ke3 76. Kf1 Kf3 77. Kg1 Ke2 78. Kg2 f3+  0-1

[Event "1. OEsterreichische Internet Schach Meisterschaft - Vorrunde 2"]
[Site "Online - Playchess.com"]
[Date ""]
[Round "7"]
[Board "60"]
[White "Borrmann, Laurenz"]
[Black "Riegler, Moritz"]
[Result "1-0"]
[WhiteElo "1880"]
[BlackElo "1705"]
[PlyCount "39"]
[EventDate "2020.04.13"]
[EventRounds "9"]
[EventCountry "AUT"]

1. e4 c5 2. Nc3 Nc6 3. Bc4 e6 4. f4 a6 5. a3 Be7 6. Nf3 b5 7. Ba2 c4 8. d3 cxd3 9.
cxd3 Bc5 10. d4 Bb6 11. O-O Nf6 12. Kh1 O-O 13. Bb1 d6 14. e5 dxe5 15. fxe5 Nd5 16.
Bxh7+ Kxh7 17. Ng5+ Kg6 18. Qd3+ Kh5 19. Qh7+ Kg4 20. Qh3#  1-0

[Event "1. OEsterreichische Internet Schach Meisterschaft - Vorrunde 2"]
[Site "Online - Playchess.com"]
[Date ""]
[Round "7"]
[Board "61"]
[White "Ofner, Maximilian"]
[Black "Thummer, Philipp"]
[Result "1-0"]
[WhiteElo "2177"]
[BlackElo "1207"]
[PlyCount "125"]
[EventDate "2020.04.13"]
[EventRounds "9"]
[EventCountry "AUT"]

1. e4 d6 2. d4 c6 3. Bd3 g6 4. Nf3 Bg4 5. h3 Bxf3 6. Qxf3 Nd7 7. c3 Bg7 8. Be3 e5
9. O-O exd4 10. cxd4 Qb6 11. Bc4 Ngf6 12. Nd2 d5 13. e5 Ng8 14. Bd3 Ne7 15. Qg4 Rd8
16. Bg5 f6 17. exf6 Nxf6 18. Qe6 Rf8 19. Rfe1 Qc7 20. Nf3 Rd6 21. Qe2 Kd8 22. b4
h6 23. Bf4 g5 24. Bxd6 Qxd6 25. b5 c5 26. dxc5 Qxc5 27. Rac1 Qd6 28. Qe6 Qxe6 29.
Rxe6 Kd7 30. Rce1 Nc8 31. Bf5 Kd8 32. Rc1 Nb6 33. Ne5 Ne8 34. g4 Nc7 35. Rd6+ Ke7
36. Rxc7+ Kxd6 37. Rxg7 Kxe5 38. Rxb7 Nc4 39. Rxa7 Rd8 40. Rc7 Nd6 41. b6 Nxf5 42.
gxf5 Kxf5 43. a4 d4 44. Kf1 Ke4 45. Ke1 Kd3 46. b7 Rb8 47. a5 h5 48. a6 g4 49. Rc8
Rxc8 50. bxc8=Q g3 51. fxg3 Ke3 52. Qe6+ Kd3 53. Qf5+ Kc3 54. Qxh5 d3 55. Kd1 d2
56. Qf3+ Kd4 57. Kxd2 Ke5 58. a7 Kd6 59. a8=Q Ke7 60. Qa7+ Kd6 61. Qf6+ Kd5 62. Qa5+
Ke4 63. Qf4#  1-0

[Event "1. OEsterreichische Internet Schach Meisterschaft - Vorrunde 2"]
[Site "Online - Playchess.com"]
[Date ""]
[Round "7"]
[Board "63"]
[White "Pernerstorfer, Max"]
[Black "Neubauer, Anton"]
[Result "1-0"]
[WhiteElo "2066"]
[BlackElo "1879"]
[PlyCount "73"]
[EventDate "2020.04.13"]
[EventRounds "9"]
[EventCountry "AUT"]

1. e4 e6 2. d4 d5 3. Nd2 Nf6 4. e5 Nfd7 5. Bd3 c5 6. c3 Nc6 7. Ne2 Be7 8. O-O O-O
9. Nf3 f6 10. exf6 Nxf6 11. Re1 Bd6 12. Bf4 cxd4 13. cxd4 Bxf4 14. Nxf4 Ne4 15. Qc1
Bd7 16. Bxe4 dxe4 17. Rxe4 Nb4 18. Nxe6 Bxe6 19. Rxe6 Rc8 20. Qd1 Nd5 21. Re5 Qd6
22. Qb3 Rcd8 23. Qxb7 Kh8 24. Qxa7 Nf4 25. Qc5 Qg6 26. Rg5 Qf6 27. Qe5 Qh6 28. Re1
Ng6 29. d5 Nxe5 30. Rgxe5 Qg6 31. Nh4 Qh5 32. Rxh5 g6 33. Nxg6+ Kg7 34. Nxf8 Rxf8
35. d6 Rd8 36. Rd5 Kf6 37. d7  1-0

[Event "1. OEsterreichische Internet Schach Meisterschaft - Vorrunde 2"]
[Site "Online - Playchess.com"]
[Date ""]
[Round "7"]
[Board "64"]
[White "Kreutzmann, Duke"]
[Black "Huber, Guenther"]
[Result "1/2-1/2"]
[WhiteElo "2036"]
[BlackElo "1979"]
[PlyCount "131"]
[EventDate "2020.04.13"]
[EventRounds "9"]
[EventCountry "AUT"]

1. Nf3 b6 2. g3 Bb7 3. Bg2 e5 4. O-O e4 5. Ng5 d5 6. d3 f6 7. Nh3 Bc5 8. dxe4 dxe4
9. Qxd8+ Kxd8 10. Nc3 f5 11. Ng5 Ke7 12. Bf4 h6 13. Nh3 Na6 14. a3 Rd8 15. Rfd1 Nf6
16. b4 Bd6 17. Bxd6+ Rxd6 18. Rxd6 cxd6 19. Nf4 Rd8 20. Rd1 g5 21. Nfd5+ Nxd5 22.
Nxd5+ Bxd5 23. Rxd5 Ke6 24. Rd2 d5 25. f3 Ke5 26. fxe4 fxe4 27. e3 Rc8 28. Kf2 Rc3
29. Bf1 Nc7 30. a4 Ra3 31. c4 Rxa4 32. cxd5 Nxd5 33. b5 Ra3 34. h4 gxh4 35. gxh4
Nxe3 36. Re2 Ng4+ 37. Kg2 Ne3+ 38. Kf2 Nxf1 39. Kxf1 Rb3 40. Ra2 Rxb5 41. Rxa7 Kf4
42. Rh7 Rh5 43. Rb7 b5 44. Ke2 Rxh4 45. Rxb5 Rh2+ 46. Ke1 h5 47. Rb3 e3 48. Rb8 h4
49. Rf8+ Kg3 50. Rg8+ Kh3 51. Re8 e2 52. Re3+ Kg4 53. Rxe2 Rh1+ 54. Kf2 h3 55. Re4+
Kf5 56. Rh4 Kg5 57. Ra4 Rb1 58. Kg3 Rb3+ 59. Kh2 Re3 60. Rb4 Kf5 61. Ra4 Kg5 62.
Rb4 Kh5 63. Ra4 Rb3 64. Rc4 Rd3 65. Rb4 Rf3 66. Ra4  1/2-1/2

[Event "1. OEsterreichische Internet Schach Meisterschaft - Vorrunde 2"]
[Site "Online - Playchess.com"]
[Date ""]
[Round "7"]
[Board "65"]
[White "Pilshofer, Paul"]
[Black "Mayrhuber, Nikola"]
[Result "1-0"]
[WhiteElo "1715"]
[BlackElo "2025"]
[PlyCount "63"]
[EventDate "2020.04.13"]
[EventRounds "9"]
[EventCountry "AUT"]

1. d4 e6 2. Nf3 Nf6 3. g3 d5 4. Bg2 Be7 5. O-O O-O 6. c4 dxc4 7. Ne5 Nc6 8. Nxc6
bxc6 9. Nc3 Rb8 10. e4 Ba6 11. Rb1 Rb4 12. Bd2 Qb8 13. e5 Nd5 14. Nxd5 cxd5 15. Bxb4
Qxb4 16. a3 Qb6 17. Re1 c5 18. dxc5 Bxc5 19. Qc2 d4 20. b4 cxb3 21. Rxb3 Qa5 22.
Rd1 d3 23. Qd2 Qa4 24. Rc3 Bd4 25. Rc7 Bb5 26. Rcc1 Bxe5 27. Qb4 Qa6 28. Rc5 Bd6
29. Qxb5 Qxa3 30. Rcc1 Rb8 31. Qxd3 Rb3 32. Qxd6  1-0

[Event "1. OEsterreichische Internet Schach Meisterschaft - Vorrunde 2"]
[Site "Online - Playchess.com"]
[Date ""]
[Round "7"]
[Board "66"]
[White "Wimmer, Norbert"]
[Black "Maister, Dieter"]
[Result "0-1"]
[WhiteElo "1973"]
[BlackElo "1851"]
[PlyCount "80"]
[EventDate "2020.04.13"]
[EventRounds "9"]
[EventCountry "AUT"]

1. d4 c6 2. Nf3 d5 3. g3 Bf5 4. Bg2 Nf6 5. O-O Nbd7 6. b3 e6 7. Bb2 Bd6 8. Nbd2 O-O
9. c4 Rc8 10. Nh4 Bg6 11. Nxg6 hxg6 12. f3 Bb8 13. e4 dxe4 14. fxe4 e5 15. d5 Nc5
16. Qe2 a6 17. Ba3 Bd6 18. b4 Ncd7 19. c5 Bb8 20. d6 a5 21. Rfc1 axb4 22. Bxb4 Ba7
23. Kh1 b6 24. Qa6 Ra8 25. cxb6 Bxb6 26. Qb7 Bd4 27. Bc3 c5 28. Bxd4 cxd4 29. Rc7
Rb8 30. Qc6 Rb6 31. Qc4 Rxd6 32. Rc1 Qa8 33. Bh3 Rd8 34. Qb4 Rb6 35. Qe7 Re8 36.
Bxd7 Rxe7 37. Rc8+ Qxc8 38. Rxc8+ Kh7 39. Bh3 Rb2 40. Nc4 Rxa2  0-1

[Event "1. OEsterreichische Internet Schach Meisterschaft - Vorrunde 2"]
[Site "Online - Playchess.com"]
[Date ""]
[Round "7"]
[Board "67"]
[White "Rotter, Harald"]
[Black "Wurzer, Gerhard"]
[Result "0-1"]
[WhiteElo "1854"]
[BlackElo "1889"]
[PlyCount "64"]
[EventDate "2020.04.13"]
[EventRounds "9"]
[EventCountry "AUT"]

1. e4 c6 2. c4 Qc7 3. d4 d6 4. Nc3 e5 5. d5 Nf6 6. f3 Be7 7. Nge2 Nbd7 8. b4 a5 9.
Ba3 axb4 10. Bxb4 c5 11. Nb5 Qb8 12. Bc3 b6 13. Nc1 Ba6 14. a4 Bxb5 15. cxb5 O-O
16. Bd3 Qc7 17. O-O Ne8 18. Qe2 g6 19. Nb3 Ng7 20. a5 f5 21. axb6 Qxb6 22. Na5 c4+
23. Kh1 cxd3 24. Qxd3 Nc5 25. Qe2 fxe4 26. Nc6 Bg5 27. fxe4 Rxa1 28. Rxa1 Nh5 29.
Qg4 Bf6 30. Qe6+ Kg7 31. Qxd6 Nxe4 32. Bxe5 Nf2+  0-1

[Event "1. OEsterreichische Internet Schach Meisterschaft - Vorrunde 2"]
[Site "Online - Playchess.com"]
[Date ""]
[Round "7"]
[Board "69"]
[White "Haemmerle, Dietmar"]
[Black "Wilplinger, Hugo"]
[Result "0-1"]
[WhiteElo "1762"]
[BlackElo "1629"]
[PlyCount "150"]
[EventDate "2020.04.13"]
[EventRounds "9"]
[EventCountry "AUT"]

1. e4 d5 2. exd5 Qxd5 3. Nc3 Qa5 4. d4 Nf6 5. Bd2 Nc6 6. Ne4 Qf5 7. Nxf6+ Qxf6 8.
Nf3 Bg4 9. c3 Bxf3 10. gxf3 O-O-O 11. Qc2 h6 12. O-O-O e6 13. Bg2 Qe7 14. Kb1 g5
15. Be3 Bg7 16. f4 g4 17. Bxc6 bxc6 18. Qa4 Qd7 19. Qxa7 Qd5 20. Rhe1 Kd7 21. Qc5
Ra8 22. Qxd5+ cxd5 23. a3 c6 24. Rg1 f5 25. f3 h5 26. fxg4 hxg4 27. Rg2 Rh3 28. Bd2
Rb8 29. Kc2 Rbh8 30. Re1 Rxh2 31. Rxh2 Rxh2 32. Kc1 Bf6 33. Rg1 Bh4 34. a4 g3 35.
Be1 Rh3 36. a5 Kc7 37. b4 Kb7 38. Kc2 Ka6 39. Kb3 Kb5 40. Rf1 g2 41. Rg1 Bxe1 42.
Rxg2 Bxc3 43. Ka2 Bxd4 44. Rg6 Re3 45. Rg8 Kxb4 46. a6 Ka5 47. Ra8 Re2+ 48. Kb3 Rb2+
49. Ka3 Rb6 50. a7 Ra6 51. Rc8 Bxa7 52. Re8 Kb5+ 53. Kb3 c5 54. Rb8+ Rb6 55. Ra8
Bb8 56. Ra4 Bxf4 57. Rxf4 c4+ 58. Kc3 Kc5 59. Rf1 d4+ 60. Kc2 Ra6 61. Re1 d3+ 62.
Kc3 Ra3+ 63. Kb2 Rb3+ 64. Kc1 Kd5 65. Rh1 e5 66. Rh5 f4 67. Rh8 Kd4 68. Rd8+ Ke3
69. Rc8 c3 70. Re8 e4 71. Rh8 f3 72. Rh1 Ra3 73. Re1+ Kf2 74. Kb1 Kxe1 75. Kc1 Ra1#
 0-1

[Event "1. OEsterreichische Internet Schach Meisterschaft - Vorrunde 2"]
[Site "Online - Playchess.com"]
[Date ""]
[Round "7"]
[Board "70"]
[White "Hadler, Johann"]
[Black "Keim, Philipp"]
[Result "1-0"]
[WhiteElo "1996"]
[BlackElo "1919"]
[PlyCount "47"]
[EventDate "2020.04.13"]
[EventRounds "9"]
[EventCountry "AUT"]

1. d4 c6 2. Nf3 d5 3. Bf4 Nf6 4. e3 Bg4 5. Bd3 e6 6. Nbd2 Bd6 7. Bg3 O-O 8. c3 Re8
9. Qc2 a5 10. Ne5 c5 11. Nxg4 Nxg4 12. Bxh7+ Kh8 13. Bd3 cxd4 14. exd4 e5 15. dxe5
Bxe5 16. O-O Nc6 17. Nf3 Bf6 18. h3 Nge5 19. Nxe5 Bxe5 20. Bxe5 Rxe5 21. Rfe1 Rh5
22. Qe2 Qg5 23. Qe3 Qf6 24. Qe8+  1-0

[Event "1. OEsterreichische Internet Schach Meisterschaft - Vorrunde 2"]
[Site "Online - Playchess.com"]
[Date ""]
[Round "7"]
[Board "71"]
[White "Steiner, Adam"]
[Black "Dilly, Julian"]
[Result "1-0"]
[WhiteElo "2251"]
[BlackElo "1502"]
[PlyCount "61"]
[EventDate "2020.04.13"]
[EventRounds "9"]
[EventCountry "AUT"]

1. d4 Nf6 2. Bf4 g6 3. Nc3 Bg7 4. e3 d6 5. h4 Bg4 6. f3 Be6 7. d5 Bd7 8. Qd2 Nh5
9. Bh2 e5 10. Qf2 O-O 11. g4 Nf6 12. h5 gxh5 13. g5 Ne8 14. Nh3 f5 15. Qh4 Bh6 16.
Qxh5 Bg7 17. Bd3 c6 18. O-O-O c5 19. e4 f4 20. Bxf4 exf4 21. Nxf4 Rxf4 22. Qxh7+
Kf7 23. e5 dxe5 24. Bg6+ Ke7 25. Bxe8 Bxe8 26. Qxg7+ Rf7 27. Qxe5+ Kd7 28. g6 Re7
29. Qf6 a6 30. g7 Kc7 31. d6+  1-0

[Event "1. OEsterreichische Internet Schach Meisterschaft - Vorrunde 2"]
[Site "Online - Playchess.com"]
[Date ""]
[Round "7"]
[Board "72"]
[White "Galler, Alexander"]
[Black "Kranz, Armin"]
[Result "1-0"]
[WhiteElo "1772"]
[BlackElo "2119"]
[PlyCount "73"]
[EventDate "2020.04.13"]
[EventRounds "9"]
[EventCountry "AUT"]

1. e4 e5 2. Nf3 Nc6 3. Bc4 Bc5 4. c3 Nf6 5. d3 d6 6. Nbd2 a6 7. Nf1 Ba7 8. Ng3 h6
9. O-O Bd7 10. Bb3 g5 11. Be3 Bxe3 12. fxe3 Qe7 13. d4 O-O-O 14. Nf5 Qf8 15. Qc2
Bxf5 16. exf5 e4 17. Nd2 d5 18. Ba4 Rd6 19. b4 Ng4 20. Rae1 h5 21. b5 Nb8 22. c4
Nf6 23. c5 Rd8 24. bxa6 Nxa6 25. Rb1 c6 26. Qb3 Rd7 27. Qb6 Qd8 28. Qa7 Qc7 29. Nb3
Qb8 30. Qb6 Qc7 31. Qxc7+ Nxc7 32. Na5 Na6 33. Rb6 Re8 34. Nxc6 bxc6 35. Rxa6 Rc7
36. Bxc6 Nd7 37. Rb1  1-0

[Event "1. OEsterreichische Internet Schach Meisterschaft - Vorrunde 2"]
[Site "Online - Playchess.com"]
[Date ""]
[Round "7"]
[Board "73"]
[White "Kainz, Josef"]
[Black "Tischler, Michel"]
[Result "0-1"]
[WhiteElo "2005"]
[BlackElo "1517"]
[PlyCount "72"]
[EventDate "2020.04.13"]
[EventRounds "9"]
[EventCountry "AUT"]

1. d4 Nf6 2. c4 e6 3. g3 Bb4+ 4. Bd2 Bxd2+ 5. Nxd2 O-O 6. Bg2 Nc6 7. Ngf3 b6 8. O-O
Bb7 9. e4 d5 10. cxd5 exd5 11. e5 Nd7 12. Rc1 Ne7 13. Ng5 h6 14. Nh3 Rc8 15. b4 Nf5
16. Nb3 Qe7 17. Qg4 g6 18. a3 c5 19. bxc5 bxc5 20. Nxc5 Nxc5 21. dxc5 Qxe5 22. Nf4
Nd4 23. Rfe1 Qf6 24. Nxd5 Bxd5 25. Bxd5 Rfd8 26. Ba2 Nf3+ 27. Kg2 Nxe1+ 28. Rxe1
Rxc5 29. h4 Rc2 30. Re2 Rxe2 31. Qxe2 Kg7 32. h5 g5 33. Bb1 Rb8 34. Qe4 Kf8 35. Bd3
Rd8 36. Bc4 Qd4  0-1

[Event "1. OEsterreichische Internet Schach Meisterschaft - Vorrunde 2"]
[Site "Online - Playchess.com"]
[Date ""]
[Round "7"]
[Board "74"]
[White "Stolzlechner, Andreas"]
[Black "Horvath, Maria"]
[Result "0-1"]
[WhiteElo "1835"]
[BlackElo "1995"]
[PlyCount "134"]
[EventDate "2020.04.13"]
[EventRounds "9"]
[EventCountry "AUT"]

1. e4 c5 2. c3 e6 3. d4 d5 4. exd5 exd5 5. dxc5 Bxc5 6. Nf3 Nf6 7. Be2 O-O 8. O-O
h6 9. b4 Bb6 10. Nbd2 a6 11. Bb2 Nc6 12. a3 Bg4 13. h3 Bh5 14. Qb3 Ne5 15. Nxe5 Bxe2
16. Rfe1 Bh5 17. c4 dxc4 18. Nexc4 Bc7 19. g4 Bg6 20. Qf3 Nd5 21. Rad1 Qh4 22. Be5
Rad8 23. Bxc7 Nxc7 24. Ne5 Ne6 25. Qg3 Qf6 26. Nxg6 Qxg6 27. Nf3 Qc2 28. Rxd8 Rxd8
29. Qe5 Qd3 30. Re3 Qd1+ 31. Kg2 Qb1 32. Qe4 Qc1 33. Qxb7 Nf4+ 34. Kg3 Ng6 35. Qe4
Rd1 36. h4 Nf8 37. h5 Ne6 38. Qa8+ Nf8 39. Qe4 Rd6 40. Qf4 Rf6 41. Qe4 Qc7+ 42. Kg2
Ne6 43. Qa8+ Kh7 44. Qe4+ Kg8 45. Qa8+ Nf8 46. Qe4 Kh8 47. Qe8 Kg8 48. Ne5 Qb7+ 49.
Kg3 Qc7 50. Qa8 Re6 51. Qe4 f6 52. f4 fxe5 53. fxe5 Qc6 54. Qf5 Qd5 55. Rf3 Re8 56.
Qf4 Qe6 57. Qd2 Qxe5+ 58. Kg2 Qe2+ 59. Qxe2 Rxe2+ 60. Kg3 Ra2 61. Rb3 Ne6 62. Kf3
Ng5+ 63. Kf4 Rf2+ 64. Ke5 Re2+ 65. Kf5 Rf2+ 66. Kg6 Kf8 67. b5 Rf6#  0-1

[Event "1. OEsterreichische Internet Schach Meisterschaft - Vorrunde 2"]
[Site "Online - Playchess.com"]
[Date ""]
[Round "7"]
[Board "75"]
[White "Kubik, Gerhard"]
[Black "Schein, Alexander"]
[Result "1-0"]
[WhiteElo "1985"]
[BlackElo "1631"]
[PlyCount "117"]
[EventDate "2020.04.13"]
[EventRounds "9"]
[EventCountry "AUT"]

1. d4 d5 2. Nc3 Nf6 3. Bg5 Nbd7 4. Nf3 b6 5. e3 Bb7 6. Bd3 e6 7. O-O Be7 8. Re1 O-O
9. e4 dxe4 10. Nxe4 Nxe4 11. Bxe7 Nxf2 12. Qe2 Qxe7 13. Qxf2 c5 14. Qg3 Bxf3 15.
Qxf3 cxd4 16. Qe4 Nf6 17. Qxd4 Rfd8 18. Qh4 Qc5+ 19. Kh1 Rd4 20. Qh3 Qh5 21. Qe3
Ng4 22. Qg3 Rad8 23. Re2 Nf6 24. Rae1 Qg4 25. Qe3 Nd5 26. Qf2 Rf4 27. Qg1 Nb4 28.
h3 Qh5 29. Qh2 Nxd3 30. cxd3 Rfd4 31. Re3 h6 32. Qg3 Qg6 33. Qxg6 fxg6 34. Rxe6 Rxd3
35. Rxg6 Rd1 36. Rge6 Rxe1+ 37. Rxe1 Rd2 38. Rb1 Kf7 39. Kh2 Kf6 40. Kg3 Kg5 41.
h4+ Kf5 42. a3 a5 43. b3 Rd3+ 44. Kf2 Kg4 45. b4 axb4 46. axb4 g6 47. b5 Rd5 48.
Rb4+ Kf5 49. g4+ Kf6 50. Kf3 Rd3+ 51. Ke4 Rh3 52. Rd4 Rxh4 53. Rd6+ Kg5 54. Kf3 Rh3+
55. Kg2 Rb3 56. Rxb6 Kxg4 57. Rxg6+ Kf5 58. Rxh6 Rxb5 59. Rh5+  1-0

[Event "1. OEsterreichische Internet Schach Meisterschaft - Vorrunde 2"]
[Site "Online - Playchess.com"]
[Date ""]
[Round "7"]
[Board "76"]
[White "Gallob, Marko"]
[Black "Riegler, Leonie"]
[Result "1-0"]
[WhiteElo "1961"]
[BlackElo "1579"]
[PlyCount "53"]
[EventDate "2020.04.13"]
[EventRounds "9"]
[EventCountry "AUT"]

1. e4 c5 2. Nf3 Nc6 3. d4 cxd4 4. Nxd4 e6 5. Bc4 Nf6 6. Nc3 a6 7. O-O Qc7 8. Bb3
Bd6 9. h3 O-O 10. Kh1 Be5 11. Nde2 b5 12. f4 Bd6 13. e5 Nxe5 14. fxe5 Bxe5 15. a3
Bb7 16. Bf4 Qc6 17. Rg1 Bxf4 18. Nxf4 e5 19. Nfd5 Rfe8 20. Nxf6+ Qxf6 21. Rf1 Qh4
22. Bxf7+ Kh8 23. Bd5 Bc8 24. Bxa8 d6 25. Qxd6 Bxh3 26. Rf8+ Rxf8 27. Qxf8#  1-0

[Event "1. OEsterreichische Internet Schach Meisterschaft - Vorrunde 2"]
[Site "Online - Playchess.com"]
[Date ""]
[Round "7"]
[Board "77"]
[White "Enne, Harald"]
[Black "Fugger, Christian"]
[Result "1-0"]
[WhiteElo "1916"]
[BlackElo "1818"]
[PlyCount "91"]
[EventDate "2020.04.13"]
[EventRounds "9"]
[EventCountry "AUT"]

1. d4 d5 2. c4 e6 3. Nc3 Nf6 4. Bg5 Nbd7 5. e3 c6 6. Nf3 Qa5 7. Nd2 Bb4 8. Qc2 O-O
9. Rc1 Re8 10. a3 Bxc3 11. Qxc3 Qxc3 12. Rxc3 e5 13. dxe5 Rxe5 14. f4 Re8 15. Be2
a5 16. Kf2 Ne4+ 17. Nxe4 dxe4 18. Rd1 f6 19. Bh4 Nc5 20. g4 Be6 21. f5 Bf7 22. Bg3
Rad8 23. Rxd8 Rxd8 24. b4 axb4 25. axb4 Nd3+ 26. Bxd3 exd3 27. Ke1 b5 28. cxb5 cxb5
29. Kd2 Bc4 30. h4 Ra8 31. Bf4 Ra2+ 32. Kd1 Rb2 33. e4 Bb3+ 34. Kc1 Bc2 35. Kxb2
g6 36. fxg6 hxg6 37. Rxc2 dxc2 38. Kxc2 Kf7 39. Kd3 Ke6 40. Kd4 f5 41. exf5+ gxf5
42. g5 Kf7 43. Ke5 Kg6 44. Ke6 Kh5 45. Kxf5 Kxh4 46. g6  1-0

[Event "1. OEsterreichische Internet Schach Meisterschaft - Vorrunde 2"]
[Site "Online - Playchess.com"]
[Date ""]
[Round "7"]
[Board "78"]
[White "Kwech, Andreas"]
[Black "Schein, Leopold"]
[Result "1-0"]
[WhiteElo "1901"]
[BlackElo "1584"]
[PlyCount "95"]
[EventDate "2020.04.13"]
[EventRounds "9"]
[EventCountry "AUT"]

1. e4 c5 2. Nf3 d6 3. d4 cxd4 4. Nxd4 Nf6 5. Nc3 a6 6. f3 e5 7. Nb3 Be6 8. Be3 Be7
9. Bd3 O-O 10. Qe2 a5 11. Rd1 a4 12. Nc1 Nc6 13. O-O Qc7 14. Qf2 Nd7 15. Kh1 f5 16.
exf5 Bxf5 17. Bxf5 Rxf5 18. Nd5 Qd8 19. Ne2 Bg5 20. Ng3 Bxe3 21. Nxe3 Rf6 22. Ne4
Rh6 23. Rxd6 Rxd6 24. Nxd6 Qc7 25. Rd1 Nd4 26. Ne4 Rc8 27. c3 Ne6 28. Qd2 Nf6 29.
Nxf6+ gxf6 30. Qd7 Nf4 31. g3 Ng6 32. Qxc7 Rxc7 33. Rd6 Kg7 34. Nd5 Rf7 35. Kg2 Ne7
36. Nxe7 Rxe7 37. Rb6 e4 38. fxe4 Rxe4 39. Rxb7+ Kg6 40. Rb4 Re2+ 41. Kg1 a3 42.
bxa3 Rxa2 43. a4 Ra3 44. c4 Kf5 45. c5 Ke5 46. Rc4 Kd5 47. c6 Rb3 48. c7  1-0

[Event "1. OEsterreichische Internet Schach Meisterschaft - Vorrunde 2"]
[Site "Online - Playchess.com"]
[Date ""]
[Round "7"]
[Board "79"]
[White "Krassnitzer, Julia"]
[Black "Miazhynski, Michael"]
[Result "0-1"]
[WhiteElo "1803"]
[BlackElo "1827"]
[PlyCount "52"]
[EventDate "2020.04.13"]
[EventRounds "9"]
[EventCountry "AUT"]

1. e4 c5 2. Nf3 e6 3. c3 Nf6 4. e5 Nd5 5. d4 cxd4 6. cxd4 b6 7. Nc3 Bb7 8. Bc4 Nxc3
9. bxc3 d6 10. exd6 Bxd6 11. O-O O-O 12. Bg5 Qc7 13. h3 h6 14. Bxh6 gxh6 15. Bd3
Nd7 16. Nh4 Nf6 17. Qd2 Bf4 18. Qe2 Qc6 19. f3 Bg3 20. Ng6 fxg6 21. Bxg6 Kg7 22.
Be4 Nxe4 23. fxe4 Rxf1+ 24. Rxf1 Qxe4 25. Qg4+ Qxg4 26. hxg4 Rf8  0-1

[Event "1. OEsterreichische Internet Schach Meisterschaft - Vorrunde 2"]
[Site "Online - Playchess.com"]
[Date ""]
[Round "7"]
[Board "80"]
[White "Rampler, Evelyn"]
[Black "Miazhynski, Alexander"]
[Result "0-1"]
[WhiteElo "1806"]
[BlackElo "1535"]
[PlyCount "70"]
[EventDate "2020.04.13"]
[EventRounds "9"]
[EventCountry "AUT"]

1. e4 c5 2. Nc3 Nc6 3. g3 g6 4. Bg2 Bg7 5. d3 e6 6. Be3 b6 7. Qd2 Nge7 8. Nge2 O-O
9. O-O Bb7 10. Rab1 d5 11. Nd1 dxe4 12. Bxe4 Nf5 13. Bg5 Qc7 14. Bxf5 exf5 15. Bh6
Ne5 16. Qf4 Nf3+ 17. Kg2 Ng5+ 18. f3 Qxf4 19. gxf4 Nxf3 20. Bxg7 Nd2+ 21. Kg3 Kxg7
22. Ndc3 Nxb1 23. Nxb1 Rfe8 24. Nbc3 Re3+ 25. Kf2 Rf3+ 26. Kg1 Rxf1+ 27. Kxf1 Re8
28. Ng3 Kf6 29. Kf2 h6 30. h4 Bc6 31. Nce2 g5 32. hxg5+ hxg5 33. fxg5+ Kxg5 34. Ng1
Kg4 35. Nh3 Kxh3  0-1

[Event "1. OEsterreichische Internet Schach Meisterschaft - Vorrunde 2"]
[Site "Online - Playchess.com"]
[Date ""]
[Round "7"]
[Board "81"]
[White "Moerwald, Magdalena"]
[Black "Kwech, Gregor"]
[Result "1-0"]
[WhiteElo "1791"]
[BlackElo "1064"]
[PlyCount "111"]
[EventDate "2020.04.13"]
[EventRounds "9"]
[EventCountry "AUT"]

1. e4 c5 2. Nf3 d6 3. d4 cxd4 4. Qxd4 Nc6 5. Bb5 Bd7 6. Bxc6 Bxc6 7. Nc3 Nf6 8. Bg5
g6 9. O-O-O Bg7 10. Qd3 O-O 11. h4 Rc8 12. Bxf6 Bxf6 13. h5 Kg7 14. hxg6 hxg6 15.
Nd4 Bxd4 16. Qxd4+ e5 17. Qxd6 Qxd6 18. Rxd6 Rcd8 19. Rhd1 Rxd6 20. Rxd6 Kh6 21.
Nd5 Bxd5 22. Rxd5 Re8 23. Rb5 Re7 24. Kd2 Kg5 25. Ke3 Kf6 26. c3 Ke6 27. Ra5 a6 28.
Rd5 Rd7 29. Rxd7 Kxd7 30. f4 Ke6 31. g4 f5 32. exf5+ gxf5 33. g5 e4 34. a4 b6 35.
b4 b5 36. axb5 axb5 37. Kd4 Kf7 38. c4 bxc4 39. Kxc4 Ke6 40. Kd4 Kd6 41. b5 Ke6 42.
b6 Kd6 43. g6 Kc6 44. g7 Kxb6 45. g8=Q Kc6 46. Qe6+ Kc7 47. Qxf5 Kd6 48. Qxe4 Kd7
49. f5 Kd6 50. f6 Kd7 51. f7 Kd8 52. f8=Q+ Kd7 53. Qee7+ Kc6 54. Qff6+ Kb5 55. Qb7+
Ka4 56. Qfa6#  1-0

[Event "1. OEsterreichische Internet Schach Meisterschaft - Vorrunde 2"]
[Site "Online - Playchess.com"]
[Date ""]
[Round "7"]
[Board "82"]
[White "Dorner, Guenther"]
[Black "Wimmer, Michael"]
[Result "0-1"]
[WhiteElo "1787"]
[BlackElo "1559"]
[PlyCount "94"]
[EventDate "2020.04.13"]
[EventRounds "9"]
[EventCountry "AUT"]

1. e4 e5 2. Nf3 Nc6 3. Bb5 a6 4. Ba4 Nf6 5. Kf1 d6 6. Kg1 b5 7. Bb3 Be7 8. c3 Nxe4
9. d3 Nf6 10. h3 O-O 11. Kh2 e4 12. dxe4 Nxe4 13. Qe2 Nc5 14. Bc2 Bf6 15. Re1 Bb7
16. Nbd2 Re8 17. Qf1 Ne5 18. Nxe5 Bxe5+ 19. Kg1 Qe7 20. Kh1 Qf6 21. Nb3 Bf4 22. Bxf4
Qxf4 23. Nxc5 dxc5 24. Rxe8+ Rxe8 25. Re1 Rxe1 26. Qxe1 g6 27. Qe3 Qxe3 28. fxe3
f5 29. Kg1 Kf7 30. Kf2 Ke6 31. g4 Be4 32. Bd1 b4 33. Kg3 a5 34. gxf5+ Kxf5 35. Bg4+
Ke5 36. Be2 Bf5 37. h4 Ke4 38. Kf2 Be6 39. cxb4 cxb4 40. a3 c5 41. axb4 axb4 42.
Bb5 c4 43. Ke2 c3 44. Bd3+ Ke5 45. bxc3 bxc3 46. Kd1 Bb3+ 47. Kc1 c2  0-1